<?xml version="1.0" encoding="UTF-8"?>
<record
    xmlns:xsi="http://www.w3.org/2001/XMLSchema-instance"
    xsi:schemaLocation="http://www.loc.gov/MARC21/slim http://www.loc.gov/standards/marcxml/schema/MARC21slim.xsd"
    xmlns="http://www.loc.gov/MARC21/slim">

  <leader>02162nam a2200325   4500</leader>
  <controlfield tag="001">113373</controlfield>
  <controlfield tag="003">DR-UNIBE</controlfield>
  <controlfield tag="005">20250325111309.0</controlfield>
  <controlfield tag="008">250325b2007    ck ||||| |||| 00| 0 spa d</controlfield>
  <datafield tag="040" ind1=" " ind2=" ">
    <subfield code="a">BIBLIOTECA UNIBE</subfield>
    <subfield code="c">BIBLIOTECA UNIBE</subfield>
  </datafield>
  <datafield tag="041" ind1=" " ind2=" ">
    <subfield code="a">spa</subfield>
  </datafield>
  <datafield tag="082" ind1=" " ind2=" ">
    <subfield code="2">22</subfield>
    <subfield code="a">323 E56p</subfield>
  </datafield>
  <datafield tag="111" ind1="2" ind2=" ">
    <subfield code="a">Encuentro de la Jurisdicci&#xF3;n Ordinaria (9o. : 2006 nov. 15 : Bogot&#xE1;)</subfield>
    <subfield code="9">193431</subfield>
  </datafield>
  <datafield tag="245" ind1="1" ind2="3">
    <subfield code="a">La protecci&#xF3;n de los derechos fundamentales y la misi&#xF3;n asignada a la jurisdicci&#xF3;n ordinaria : </subfield>
    <subfield code="b">antes y despu&#xE9;s de la Constituci&#xF3;n de 1991 ; presente y futuro del recurso de casaci&#xF3;n en el derecho colombiano y comparado</subfield>
  </datafield>
  <datafield tag="260" ind1=" " ind2=" ">
    <subfield code="a">Bogot&#xE1; :</subfield>
    <subfield code="b">Corte Suprema de Justicia, </subfield>
    <subfield code="c">2007</subfield>
  </datafield>
  <datafield tag="300" ind1=" " ind2=" ">
    <subfield code="a">532 p&#xE1;ginas :</subfield>
    <subfield code="b">ilustraciones, gr&#xE1;ficos ;</subfield>
    <subfield code="c">25 x 18 cm</subfield>
  </datafield>
  <datafield tag="505" ind1="0" ind2=" ">
    <subfield code="a">La protecci&#xF3;n de los derechos fundamentales y la misi&#xF3;n asignada a la jurisdicci&#xF3;n ordinaria : antes y despu&#xE9;s de la Constituci&#xF3;n de 1991 |
Presente y futuro del recurso de casaci&#xF3;n en el derecho colombiano y comparado</subfield>
  </datafield>
  <datafield tag="520" ind1="3" ind2=" ">
    <subfield code="a">La protecci&#xF3;n de los derechos fundamentales y la misi&#xF3;n asignada a la jurisdicci&#xF3;n ordinaria: antes y despu&#xE9;s de la Constituci&#xF3;n de 1991 es un documento que trata sobre la protecci&#xF3;n de los derechos fundamentales y el recurso de casaci&#xF3;n en el derecho colombiano. </subfield>
  </datafield>
  <datafield tag="650" ind1=" " ind2="7">
    <subfield code="2">lemb</subfield>
    <subfield code="a">Derecho constitucional</subfield>
    <subfield code="z">Colombia</subfield>
    <subfield code="v">Congresos, conferencias, etc.</subfield>
    <subfield code="9">193460</subfield>
  </datafield>
  <datafield tag="650" ind1=" " ind2="7">
    <subfield code="2">lemb</subfield>
    <subfield code="a">Derechos humanos</subfield>
    <subfield code="z">Colombia</subfield>
    <subfield code="v">Congresos, conferencias, etc.</subfield>
    <subfield code="9">193461</subfield>
  </datafield>
  <datafield tag="650" ind1=" " ind2="7">
    <subfield code="2">lemb</subfield>
    <subfield code="a">Derechos civiles</subfield>
    <subfield code="z">Colombia</subfield>
    <subfield code="v">Congresos, conferencias, etc.</subfield>
    <subfield code="9">193462</subfield>
  </datafield>
  <datafield tag="650" ind1=" " ind2="7">
    <subfield code="2">lemb</subfield>
    <subfield code="a">Recurso contencioso administrativo</subfield>
    <subfield code="z">Colombia</subfield>
    <subfield code="v">Congresos, conferencias, etc.</subfield>
    <subfield code="9">193463</subfield>
  </datafield>
  <datafield tag="650" ind1=" " ind2="7">
    <subfield code="2">lemb</subfield>
    <subfield code="a">Recurso de casaci&#xF3;n</subfield>
    <subfield code="z">Colombia</subfield>
    <subfield code="v">Congresos, conferencias, etc.</subfield>
    <subfield code="9">193464</subfield>
  </datafield>
  <datafield tag="650" ind1=" " ind2="7">
    <subfield code="2">lemb</subfield>
    <subfield code="a">Defensores de los derechos humanos</subfield>
    <subfield code="z">Colombia</subfield>
    <subfield code="9">27485</subfield>
  </datafield>
  <datafield tag="651" ind1=" " ind2="7">
    <subfield code="2">lemb</subfield>
    <subfield code="a">Colombia</subfield>
    <subfield code="x">Corte Suprema de Justicia</subfield>
    <subfield code="v">Congresos, conferencias, etc.</subfield>
    <subfield code="9">193429</subfield>
  </datafield>
  <datafield tag="653" ind1=" " ind2=" ">
    <subfield code="a">Protecci&#xF3;n de los derechos humanos</subfield>
  </datafield>
  <datafield tag="700" ind1="1" ind2=" ">
    <subfield code="a">Jaramillo J., Carlos Ignacio</subfield>
    <subfield code="e">presentaci&#xF3;n</subfield>
    <subfield code="9">193430</subfield>
  </datafield>
  <datafield tag="711" ind1="2" ind2=" ">
    <subfield code="a">Congreso de la Corte Suprema de Justicia (1o. :  2006 nov. 16-17 : Bogot&#xE1;)</subfield>
    <subfield code="9">193437</subfield>
  </datafield>
  <datafield tag="942" ind1=" " ind2=" ">
    <subfield code="2">ddc</subfield>
    <subfield code="c">BK</subfield>
  </datafield>
  <datafield tag="999" ind1=" " ind2=" ">
    <subfield code="c">113373</subfield>
    <subfield code="d">113373</subfield>
  </datafield>
  <datafield tag="952" ind1=" " ind2=" ">
    <subfield code="0">0</subfield>
    <subfield code="1">0</subfield>
    <subfield code="2">ddc</subfield>
    <subfield code="7">0</subfield>
    <subfield code="8">GEN</subfield>
    <subfield code="a">Principal</subfield>
    <subfield code="d">2025-01-25</subfield>
    <subfield code="l">0</subfield>
    <subfield code="o">323 E56p</subfield>
    <subfield code="p">250189</subfield>
    <subfield code="r">2025-03-25 11:13:52</subfield>
    <subfield code="t">Ej. 1</subfield>
    <subfield code="w">2025-03-25</subfield>
    <subfield code="y">BK</subfield>
  </datafield>
</record>
